书目信息 |
| 题名: |
中国旅游海外客源市场概况
|
|
| 作者: | 于向东 主编 | |
| 分册: | ||
| 出版信息: | 大连 东北财经大学出版社 1999.05 |
|
| 页数: | 199页 | |
| 开本: | 20cm | |
| 丛书名: | 高等专科旅游管理专业系列教材 | |
| 单 册: | ||
| 中图分类: | F592.6 | |
| 科图分类: | ||
| 主题词: | 旅游客源--国际市场--概况 | |
| 电子资源: | ||
| ISBN: | 7-81044-485-9 | |
| 000 | 00700nam0 2200217 45 | |
| 001 | 0112181550 | |
| 005 | 20031219104052.0 | |
| 010 | @a7-81044-485-9@dCNY10.00 | |
| 100 | @a20011218d1999 km y0chiy0120 ea | |
| 101 | 0 | @achi |
| 105 | @a z 000yy | |
| 200 | 1 | @a中国旅游海外客源市场概况@AZhong Guo Lu You Hai Wai Ke Yuan Shi Chang Gai Kuang@f于向东主编@FYu Xiang Dong Zhu Bian |
| 210 | @a大连@c东北财经大学出版社@d1999.05 | |
| 215 | @a199页@d20cm | |
| 225 | @a高等专科旅游管理专业系列教材 | |
| 410 | @12001 @a高等专科旅游管理专业系列教材 | |
| 606 | 0 | @a旅游客源@x国际市场@x概况 |
| 690 | @aF592.6@v4 | |
| 701 | @a于向东@4主编 | |
| 801 | @aCN@bTSTC@c20011218 | |
| 905 | @f5@b301769-773@dF592.6@e17 | |
| 中国旅游海外客源市场概况/于向东主编.-大连:东北财经大学出版社,1999.05 |
| 199页;20cm.-(高等专科旅游管理专业系列教材) |
| ISBN 7-81044-485-9:CNY10.00 |
| ● |
| 相关链接 |
|
|
|
|
正题名:中国旅游海外客源市场概况
索取号:F592.6/17
 
预约/预借
| 序号 | 登录号 | 条形码 | 馆藏地/架位号 | 状态 | 备注 |
| 1 | 0301769 | 203017699 | 第一借阅区/ [索取号:F592.6/17] | 在馆 | |
| 2 | 0301770 | 203017706 | 第一借阅区/ [索取号:F592.6/17] | 在馆 | |
| 3 | 0301771 | 203017715 | 第一借阅区/ [索取号:F592.6/17] | 在馆 | |
| 4 | 0301772 | 203017724 | 第一借阅区/ [索取号:F592.6/17] | 在馆 | |
| 5 | 0301773 | 203017733 | 第一样本阅览室/ [索取号:F592.6/17] | 在馆 |